Normal view
MARC view
- تأليف لورد، والتر ؛ حسين القباني
Entry Personal Name
001 - CONTROL NUMBER
- control field: 39385
003 - CONTROL NUMBER IDENTIFIER
- control field: JO-AjAnu
005 - DATE AND TIME OF LATEST TRANSACTION
- control field: 20230606080542.0
008 - FIXED-LENGTH DATA ELEMENTS
- fixed length control field: 230606|| aca||aabn | a|a d
040 ## - CATALOGING SOURCE
- Original cataloging agency: JO-AjAnu
- Transcribing agency: JO-AjAnu
100 ## - HEADING--PERSONAL NAME
- Personal name: تأليف لورد، والتر ؛ حسين القباني
670 ## - SOURCE DATA FOUND
- Source citation: Work cat.: (JO-AjAnu)20197: تأليف لورد، والتر ؛ حسين القباني, author, ليلة لاتنسى قصة غرق الباخرة ((تيتانيك))